000 00316nam a22001457a 4500
008 210310b ||||| |||| 00| 0 eng d
020 _a9780534917197
041 _aeng
080 _25th
_a311
082 _a311
100 _a54
101 _aSTA
245 _aElementary Statistics
_cJohnson,R
942 _2udc
_cBK
999 _c56216
_d56216